<?xml version="1.0" encoding="UTF-8"?>
<record
    xmlns:xsi="http://www.w3.org/2001/XMLSchema-instance"
    xsi:schemaLocation="http://www.loc.gov/MARC21/slim http://www.loc.gov/standards/marcxml/schema/MARC21slim.xsd"
    xmlns="http://www.loc.gov/MARC21/slim">

  <leader>01132na  a2200301   4500</leader>
  <controlfield tag="001">16888</controlfield>
  <controlfield tag="003">MIRAKIL</controlfield>
  <controlfield tag="005">20181213155301.0</controlfield>
  <controlfield tag="008">170522b        tu            000 0      </controlfield>
  <datafield tag="020" ind1=" " ind2=" ">
    <subfield code="a">9786059075220</subfield>
  </datafield>
  <datafield tag="035" ind1=" " ind2=" ">
    <subfield code="a">16888</subfield>
  </datafield>
  <datafield tag="040" ind1=" " ind2=" ">
    <subfield code="a">Milas</subfield>
    <subfield code="b">tur</subfield>
    <subfield code="c">TR-AnCHP</subfield>
  </datafield>
  <datafield tag="041" ind1=" " ind2=" ">
    <subfield code="a">tur</subfield>
  </datafield>
  <datafield tag="082" ind1=" " ind2=" ">
    <subfield code="a">363.64</subfield>
    <subfield code="b">D24 2016</subfield>
  </datafield>
  <datafield tag="090" ind1=" " ind2=" ">
    <subfield code="a">363.64 D24 2016</subfield>
  </datafield>
  <datafield tag="245" ind1=" " ind2=" ">
    <subfield code="a">Dakika dakika FET&#xD6;'n&#xFC;n darbe gri&#x15F;imi</subfield>
    <subfield code="b">15 Temmuz 2016</subfield>
    <subfield code="c">[edit&#xF6;r] Anadolu Ajans&#x131; Genel M&#xFC;d&#xFC;rl&#xFC;&#x11F;&#xFC; G&#xF6;rsel Haberler Yay&#x131;n Y&#xF6;netmenli&#x11F;i ve Kurumsal &#x130;leti&#x15F;im Direkt&#xF6;rl&#xFC;&#x11F;&#xFC;</subfield>
  </datafield>
  <datafield tag="260" ind1=" " ind2=" ">
    <subfield code="a">Ankara </subfield>
    <subfield code="b">Anadolu Ajans&#x131;</subfield>
    <subfield code="c">2016</subfield>
  </datafield>
  <datafield tag="300" ind1=" " ind2=" ">
    <subfield code="a">88 s. </subfield>
    <subfield code="b">fot&#x11F;.; grf.; hrt.</subfield>
    <subfield code="c">30 sm.</subfield>
  </datafield>
  <datafield tag="490" ind1=" " ind2=" ">
    <subfield code="a">Anadolu Ajans&#x131; yay&#x131;nlar&#x131;</subfield>
    <subfield code="v">28</subfield>
  </datafield>
  <datafield tag="600" ind1=" " ind2=" ">
    <subfield code="a">G&#xFC;len, Fethullah</subfield>
  </datafield>
  <datafield tag="650" ind1=" " ind2=" ">
    <subfield code="a">G&#xFC;len cemaati</subfield>
    <subfield code="v">15 Temmuz 2016</subfield>
  </datafield>
  <datafield tag="650" ind1=" " ind2=" ">
    <subfield code="a">Fethullah&#xE7;&#x131; Ter&#xF6;r &#xD6;rg&#xFC;t&#xFC; (FET&#xD6;)</subfield>
    <subfield code="x">15 Temmuz 2016</subfield>
  </datafield>
  <datafield tag="651" ind1=" " ind2=" ">
    <subfield code="a">T&#xFC;rkiye</subfield>
    <subfield code="x">Siyasal tarih</subfield>
    <subfield code="y">15 Temmuz 2016</subfield>
  </datafield>
  <datafield tag="651" ind1=" " ind2=" ">
    <subfield code="a">T&#xFC;rkiye</subfield>
    <subfield code="x">Siyaset ve y&#xF6;netim</subfield>
    <subfield code="y">1980-</subfield>
  </datafield>
  <datafield tag="657" ind1=" " ind2=" ">
    <subfield code="a">Fet&#xF6;</subfield>
  </datafield>
  <datafield tag="710" ind1=" " ind2=" ">
    <subfield code="a">Anadolu Ajans&#x131; Genel M&#xFC;d&#xFC;r&#xFC;&#x11F;&#xFC;</subfield>
    <subfield code="b">G&#xF6;rsel Haberler Yay&#x131;n Y&#xF6;netmenli&#x11F;i ve Kurumsal &#x130;leti&#x15F;im Direkt&#xF6;rl&#xFC;&#x11F;&#xFC;</subfield>
  </datafield>
  <datafield tag="942" ind1=" " ind2=" ">
    <subfield code="2">dcc</subfield>
    <subfield code="c">BKS</subfield>
  </datafield>
  <datafield tag="952" ind1=" " ind2=" ">
    <subfield code="a">0001</subfield>
    <subfield code="b">0001</subfield>
    <subfield code="d">2016-10-17</subfield>
    <subfield code="e">2</subfield>
    <subfield code="l">0</subfield>
    <subfield code="o">363.64 D24 2016</subfield>
    <subfield code="p">005779</subfield>
    <subfield code="r">2016-10-17 00:00:00</subfield>
    <subfield code="v">0.00</subfield>
    <subfield code="w">2016-10-17</subfield>
    <subfield code="y">BKS</subfield>
  </datafield>
  <datafield tag="999" ind1=" " ind2=" ">
    <subfield code="c">9903</subfield>
    <subfield code="d">9903</subfield>
  </datafield>
</record>
